RAMAYANA VERSUS MAHABHARATA MY PLAYFUL C (Record no. 31923)

MARC details
000 -LEADER
fixed length control field 00342nam a2200133Ia 4500
008 - FIXED-LENGTH DATA ELEMENTS--GENERAL INFORMATION
fixed length control field 240624s9999 xx 000 0 und d
041 ## - LANGUAGE CODE
Language code of text/sound track or separate title eng
082 ## - DEWEY DECIMAL CLASSIFICATION NUMBER
Classification number 823 PAT
100 ## - MAIN ENTRY--PERSONAL NAME
Personal name PATTANAIK DEVDUTT
245 ## - TITLE STATEMENT
Title RAMAYANA VERSUS MAHABHARATA MY PLAYFUL C
260 ## - PUBLICATION, DISTRIBUTION, ETC.
Date of publication, distribution, etc. 2018
Place of publication, distribution, etc. New Delhi
Name of publisher, distributor, etc. Rupa & Company
300 ## - PHYSICAL DESCRIPTION
Extent 194 p.; 23 cm.
365 ## - TRADE PRICE
Currency code RS
Holdings
Withdrawn status Lost status Damaged status Not for loan Home library Current library Shelving location Date acquired Cost, normal purchase price Total Checkouts Full call number Barcode Date due Date last seen Date last checked out Price effective from Koha item type
        IMTN IMTN Rack 38-B 12/13/2019 295.00 5 823 PAT 31923 01/22/2026 01/12/2026 01/12/2026 06/24/2024 Books
Designed & Maintained by: LRC IMT Nagpur Contact: lrc@imtnag.ac.in© 2024. All Rights Reserved.